| 000 | 02036nam a2200457Ii 4500 | ||
|---|---|---|---|
| 001 | DIGPUZ0509 | ||
| 003 | NyNyDIG | ||
| 008 | 141201s2011 sp a ob 000 0 spa d | ||
| 006 | m o d | ||
| 007 | cr ||||||||||| | ||
| 040 |
_aDGITA _beng _erda _epn _cDGITA |
||
| 020 |
_a9788415274674 _q(eBook ; _qpdf) |
||
| 020 | _z9788415274285 | ||
| 020 | _z8415274289 | ||
| 050 | 1 | 4 | _aPQ6641.A47 eBook |
| 100 | 1 |
_aRubio Jiménez, Jesús, _eauthor. |
|
| 245 | 1 | 0 |
_aRamón del Valle-Inclán y Josefina Blanco : _bel pedestal de los sueños / _cJesús Rubio Jiménez, Antonio Deaño Gamallo. |
| 250 | _aPrimera edición. | ||
| 264 | 1 |
_aZaragoza : _bPrensas Universitarias de Zaragoza, _c2011. |
|
| 300 |
_a1 online resource (263 pages) : _billustrations. |
||
| 336 |
_atext _btxt _2rdacontent |
||
| 337 |
_acomputer _bc _2rdamedia |
||
| 338 |
_aonline resource _bcr _2rdacarrier |
||
| 490 | 1 |
_aColección Vidas ; _vno. 1 |
|
| 504 | _aIncludes bibliographical references (pages 227-236). | ||
| 588 | 0 | _aOnline resource; title from PDF title page (Digitalia, viewed October 27, 2014) | |
| 600 | 1 | 0 |
_aValle-Inclán, Ramón del, _d1866-1936 _xFriends and associates. |
| 600 | 1 | 0 |
_aValle-Inclán, Ramón del, _d1866-1936 _vCorrespondence. |
| 650 | 0 |
_aAuthors, Spanish _y20th century _vCorrespondence. |
|
| 600 | 1 | 0 |
_aBlanco, Josefina, _d1878 or 1879-1957 _xFriends and associates. |
| 600 | 1 | 0 |
_aBlanco, Josefina, _d1878 or 1879-1957 _vCorrespondence. |
| 655 | 0 | _aElectronic books. | |
| 700 | 1 |
_aDeaño Gamallo, Antonio, _eauthor. |
|
| 791 | 2 |
_aDigitalia (Firm), _edistributor. |
|
| 793 | 0 |
_gDigitalia eBook Collection: _aPrensas Universitarias de Zaragoza |
|
| 776 | 0 | 8 |
_iPrint version: _aRubio Jiménez, Jesús. _tRamón del Valle-Inclán y Josefina Blanco. _dZaragoza, España : Prensas Universitarias de Zaragoza, 2011 _z9788415274285. |
| 830 | 0 |
_aColección Vidas (Zaragoza, Spain) ; _vno. 1. |
|
| 856 | 4 | 0 |
_3Digitalia Hispánica _uhttps://www.digitaliapublishing.com/a/29130/ |
| 910 | _aPremium Collection: 2014 | ||
| 942 | _cRAA | ||
| 999 |
_c239620 _d239620 |
||